<?xml version="1.0" encoding="UTF-8"?>
<collection xmlns="http://www.loc.gov/MARC21/slim">
 <record>
  <leader>00872cam a2200205 7i4500</leader>
  <controlfield tag="001">0000017287</controlfield>
  <controlfield tag="005">20140623090000.0</controlfield>
  <datafield tag="020" ind1="#" ind2="0">
   <subfield code="a">076151743X </subfield>
  </datafield>
  <datafield tag="090" ind1="0" ind2="0">
   <subfield code="a">HD 2333 </subfield>
   <subfield code="b">H631 1999</subfield>
  </datafield>
  <datafield tag="100" ind1="1" ind2="#">
   <subfield code="a">Hicks, Tyler G. </subfield>
  </datafield>
  <datafield tag="245" ind1="1" ind2="0">
   <subfield code="a">199 great home businesses you can start (and succed in) for under $1,000 : </subfield>
   <subfield code="b">how to choose the best home business for you based on your personality type  </subfield>
   <subfield code="c">Tyler G. Hicks - 2nd. ed..</subfield>
  </datafield>
  <datafield tag="250" ind1="#" ind2="#">
   <subfield code="a">2nd. ed..</subfield>
  </datafield>
  <datafield tag="260" ind1="#" ind2="#">
   <subfield code="a">Includes bibliographical references and index.</subfield>
  </datafield>
  <datafield tag="300" ind1="#" ind2="#">
   <subfield code="a">274p.; </subfield>
   <subfield code="c">22cm.</subfield>
  </datafield>
  <datafield tag="504" ind1="0" ind2="0">
   <subfield code="a">Includes bibliographical references and index</subfield>
  </datafield>
  <datafield tag="590" ind1="#" ind2="#">
   <subfield code="a">Pusat Pengajian Pembangunan Sosial dan Ekonomi</subfield>
  </datafield>
  <datafield tag="650" ind1="0" ind2="0">
   <subfield code="a">New business anterprises </subfield>
  </datafield>
  <datafield tag="650" ind1="0" ind2="0">
   <subfield code="a">Home-based businesses </subfield>
  </datafield>
  <datafield tag="745" ind1="0" ind2="0">
   <subfield code="a">One hundred ninety-nine great home businesses you can start (and succeed in) for under $1,000</subfield>
  </datafield>
  <datafield tag="999" ind1=" " ind2=" ">
   <subfield code="a">1100001930</subfield>
   <subfield code="b">Book</subfield>
   <subfield code="c">Open Shelf</subfield>
   <subfield code="e">KOLEKSI TERBUKA</subfield>
  </datafield>
 </record>
</collection>
